| 000 | 00396nam a2200145Ia 4500 | ||
|---|---|---|---|
| 008 | 230917s9999||||xx |||||||||||||| ||und|| | ||
| 040 |
_e189272 _aMAIN |
||
| 041 | _aEnglish | ||
| 082 | _a363.7 R15E | ||
| 100 | _aRana, Anuj Kumar | ||
| 245 | 0 | _aEnvironment and ecology: A scientific approch | |
| 260 |
_aNew Delhi _bGlobal Vision Publishing House _c2011 |
||
| 300 | _axii, 319 p. | ||
| 942 | _cBK | ||
| 999 |
_c158822 _d158822 |
||